El lenguaje artístico, la educación y la creación

El Arte, en sus más diversas expresiones, es una actividad eminentemente social, que se hace presente en la vida cotidiana del hombre. Es un aspecto central de su vida que lo ayuda a diferenciarse del resto de los seres vivos ya que él es el único capaz de producirlo y disfrutarlo. El Arte ocupa un...

Full description

Bibliographic Details
Main Author: Ros, Nora
Format: Analitica de revista
Language:Spanish
Published: España: Organización de Estados Iberoamericanos para la Educación, la Ciencia y la Cultura, 2004.
Subjects:
Online Access:Acceso electrónico al documento

MARC

LEADER 00000nam a22000007a 4500
008 200409s2004 sp |||| o|||| 00| 0 spa d
040 |a UAHC  |c UAHC 
100 |9 14231  |a Ros, Nora 
245 1 3 |a El lenguaje artístico, la educación y la creación  |c Nora Ros. 
260 |a España:  |b Organización de Estados Iberoamericanos para la Educación, la Ciencia y la Cultura,  |c 2004. 
300 |a 8 páginas. 
500 |a En: Revista iberoamericana de educación, número 1, volumen 35, 2004. Desde la página 1 a la 8. 
500 |a Sitio visitado https://rieoei.org/historico/deloslectores/677Ros107.PDF el 14 de octubre de 2021. 
520 |a El Arte, en sus más diversas expresiones, es una actividad eminentemente social, que se hace presente en la vida cotidiana del hombre. Es un aspecto central de su vida que lo ayuda a diferenciarse del resto de los seres vivos ya que él es el único capaz de producirlo y disfrutarlo. El Arte ocupa un lugar destacado para todos, es parte de la experiencia pública, ya que a través de él se manifiesta la propia cultura. 
650 0 |9 13714  |a Arte  |x Enseñanza  
650 0 |9 5149  |a Creación literaria, artística, etc. 
856 |u https://rieoei.org/historico/deloslectores/677Ros107.PDF  |y Acceso electrónico al documento 
900 |a Recurso electrónico 
942 |c REVA 
952 |0 0  |1 0  |4 0  |6 RECURSO_ELECTRÓNICO  |7 0  |8 BAS  |9 94781  |a BC  |b BC  |c Digital  |d 2021-10-14  |l 0  |o RECURSO ELECTRÓNICO  |r 2021-10-14 00:00:00  |w 2021-10-14  |y REVA  |z También lo encuentras en bibliografias.academia.cl 
999 |c 58971  |d 58971